[Event "Araguari op"]
[Site "Araguari"]
[Date "2025.06.06"]
[Round "3"]
[White "Montufar Berrios, Lesly Viviane"]
[Black "Furlan, Rafael"]
[Result "1-0"]
[WhiteElo "1961"]
[BlackElo "1795"]
[PlyCount "71"]
[EventDate "2025.06.05"]
[EventType "swiss"]
[EventRounds "7"]
[EventCountry "BRA"]
[SourceTitle "CB26_2025"]
[SourceDate "2025.06.25"]
[SourceVersion "1"]
[SourceVersionDate "2025.06.25"]
[SourceQuality "1"]

1. e4 e5 2. Nf3 Nf6 3. Nc3 Nc6 4. d4 exd4 5. Nxd4 d6 6. Be2 Be7 7. Be3 Nxd4 8. Qxd4 Be6 9. 0-0-0 c6 10. g4 h6 11. h4 c5 12. Qa4+ Bd7 13. Qb3 Qb6 14. Qxb6 axb6 15. f3 0-0-0 16. g5 Nh5 17. Nd5 Bf8 18. Nxb6+ Kc7 19. Nd5+ Kc6 20. a4 b6 21. Ba6 Be6 22. Rhg1 Bxd5 23. Rxd5 hxg5 24. hxg5 g6 25. f4 Be7 26. f5 f6 27. fxg6 Rhg8 28. Be2 Ng7 29. Rf1 Rdf8 30. Bb5+ Kc7 31. gxf6 Bxf6 32. Bh6 Be5 33. Rf7+ Rxf7 34. gxf7 Rf8 35. Bc4 Ne6 36. Rxe5 1-0